Our kid eats everything / (Record no. 93100)

MARC details
000 -LEADER
fixed length control field 00567nam a22001817a 4500
005 - DATE AND TIME OF LATEST TRANSACTION
control field 20150608105101.0
010 ## - LCCN (DPL NO)
LC control number ENG-112734
020 ## - INTERNATIONAL STANDARD BOOK NUMBER
International Standard Book Number 9789350099285
Terms of availability 350.00
035 ## - SYSTEM CONTROL NUMBER
System control number EN-96266
037 ## - SOURCE OF ACQUISITION
Source of stock number/acquisition DBAD/PUB
082 ## - DEWEY DECIMAL CLASSIFICATION NUMBER
Classification number 613.2
100 ## - MAIN ENTRY--PERSONAL NAME
Personal name Singh, Neelanjana
245 ## - TITLE STATEMENT
Title Our kid eats everything /
Statement of responsibility, etc by Neelanjana Singh
260 ## - PUBLICATION, DISTRIBUTION, ETC. (IMPRINT)
Place of publication, distribution, etc Gurgaon
Name of publisher, distributor, etc Hachette Book Publishing
Date of publication, distribution, etc 2015
270 ## - ADDRESS
Address 4th & 5th Floors, Corporate Centre, Plot No.94, Sector-44,
City Gurgaon
Postal code 122003
300 ## - PHYSICAL DESCRIPTION
Extent xvi,309p.
Dimensions 21cm(pbk)
942 ## - ADDED ENTRY ELEMENTS (KOHA)
Source of classification or shelving scheme Dewey Decimal Classification
Item type English Books
Call number suffix SIN
Classification part 613.2
Holdings
Withdrawn status Lost status Not for loan Collection code Home library Current library Date acquired Source of acquisition Cost, normal purchase price Full call number Barcode Copy number Cost, replacement price Koha item type
    Not For Loan Non-fiction D.B.Act.Division D.B.Act.Division 22/04/2015 DBAD/PUB 350.00 613.2 SIN EN-96266 1 350.00 English Books

© Delhi Public Library
Hit Counter
free hit counter